Central Library OPAC University of Rajshahi

Massive radiation techniques / (Record no. 11278)

MARC details
000 -LEADER
fixed length control field 00781nam a22002772 4500
001 - CONTROL NUMBER
control field 11278
003 - CONTROL NUMBER IDENTIFIER
rucl marc code BD RJUL
005 - DATE AND TIME OF LATEST TRANSACTION
control field 20211208235111.0
008 - FIXED-LENGTH DATA ELEMENTS--GENERAL INFORMATION
fixed length control field 140126s1964 enkab b 000 0 eng d
035 ## - SYSTEM CONTROL NUMBER
System control number BD RJUL
040 ## - CATALOGING SOURCE
Original cataloging agency GZH
Transcribing agency GZH
Modifying agency UKM
-- BD RJUL
Language of cataloging eng
041 ## - LANGUAGE CODE
Language code of text/sound track or separate title eng
082 04 - DEWEY DECIMAL CLASSIFICATION NUMBER
Classification number 541.388
Edition number 18
Author mark and year MAS 1964
096 ## - LOCALLY ASSIGNED NLM-TYPE CALL NUMBER (OCLC)
Classification number QC 795 J4
100 1# - MAIN ENTRY--PERSONAL NAME
Personal name Jefferson, S.
Fuller form of name (Sidney)
9 (RLIN) 34896
245 10 - TITLE STATEMENT
Title Massive radiation techniques /
260 ## - PUBLICATION, DISTRIBUTION, ETC. (IMPRINT)
Place of publication, distribution, etc. London :
Name of publisher, distributor, etc. G. Newnes,
Date of publication, distribution, etc. 1964.
300 ## - PHYSICAL DESCRIPTION
Pagination vii, 324 p. :
Illustrations illus., maps.;
Size 23 cm.
504 ## - BIBLIOGRAPHY, ETC. NOTE
Bibliography, etc Includes bibliographies.
650 #2 - SUBJECT ADDED ENTRY--TOPICAL TERM
Topical term or geographic name as entry element Chemical Industry
9 (RLIN) 34897
Topical term or geographic name as entry element Food Irradiation
9 (RLIN) 34898
Topical term or geographic name as entry element Insect Control
9 (RLIN) 34899
Topical term or geographic name as entry element Radiation Effects
9 (RLIN) 34900
Topical term or geographic name as entry element Sterilization
9 (RLIN) 34901
942 ## - ADDED ENTRY ELEMENTS (KOHA)
Source of classification or shelving scheme Dewey Decimal Classification
Koha item type Books
Holdings
Lost status Source of classification or shelving scheme Damaged status Not for loan Collection code Permanent Location Current Location Shelving location Date acquired Source of acquisition Cost, normal purchase price Total Checkouts Full call number Date last seen Copy number Koha item type
  Dewey Decimal Classification   Not For Loan Non-fiction Central Library, University of Rajshahi Central Library, University of Rajshahi Reading Room 11/10/1965 Zeit. 70.00   541.388 MAS 1964 26/01/2014 C-1 Books